000
00287nam a2200121 a 4500
005
20141022142007.0
008
081003s19uu xx 00 eng d
050
_a
VCD
_b
U1 2005
245
_a
Unsolved history: JFK.
650
_a
VCD.
650
_a
Unsolved history: JFK.
942
_c
AVM
999
_c
276535
_d
276535